| 000 | 02117nam0a2200385 i 4500 | ||
|---|---|---|---|
| 001 | RU\NLR\BIBL_A\010980877 | ||
| 005 | 20241105172020.0 | ||
| 010 | _a9785916742725 | ||
| 035 | _a(NLR Aleph) 010980877 | ||
| 090 |
_a10871419 _c10871419 |
||
| 100 | _a20160212d2013 k y0rusy50 ca | ||
| 101 | 0 | _arus | |
| 102 | _aRU | ||
| 105 | _ay|||z|||000 | ||
| 200 | 1 |
_aАнтиохийский и Иерусалимский патриархаты в политике Российской империи _dThe Antioch and Jerusalem patriarchates in the policy of Russian Empire _e1830-е - начало XX века _fМ. И. Якушев _g[Фонд Святого Всехвального апостола Андрея Первозванного и др.] _zeng |
|
| 210 |
_aМосква _cИндрик _d2013 |
||
| 215 |
_a534 с. _d24 |
||
| 300 | _aНа обороте тит. л. авт.: М.И. Якушев, к.ист.н. | ||
| 300 | _aАвт. также на англ. яз.: M. Yakushev | ||
| 300 | _aВ надзаг. на авантит. также: Моск. гос. ун-т им. М.В. Ломоносова, Ин-т стран Азии и Африки, Арх. внеш. политики Рос. империи, МИД России | ||
| 300 | _aРез. на англ. яз. | ||
| 320 | _aБиблиогр.: с. 473-532 (950 назв.) и в подстроч. примеч. | ||
| 510 | 1 |
_6z20790 _aThe Antioch and Jerusalem patriarchates in the policy of Russian Empire _zeng |
|
| 601 | 0 | 2 |
_aАнтиохийская православная церковь _xИстория _92214358 _3RU\NLR\AUTH\661330054 |
| 601 | 0 | 2 |
_aИерусалимская православная церковь _92133593 _3RU\NLR\AUTH\661286860 |
| 686 | 2 | _aЭ372.13 | |
| 686 | 2 | _aЭ372.17 | |
| 700 | 1 |
_7ca _8rus _aЯкушев _bМ. И. _gМихаил Ильич _9162739 _3RU\NLR\AUTH\770162783 |
|
| 790 | 1 |
_7ba _8rus _aJakušev _bM. I. _gMichail Il'ič _9162740 _3RU\NLR\AUTH\770162784 |
|
| 942 | _cBOOK | ||
| 980 | _aNBR | ||